MARC details
| 000 -CABECERA |
| campo de control de longitud fija |
01376nam a2200313 u 4500 |
| 005 - FECHA Y HORA DE LA ÚLTIMA TRANSACCIÓN |
| campo de control |
20230102221051.0 |
| 008 - ELEMENTOS DE LONGITUD FIJA--INFORMACIÓN GENERAL |
| campo de control de longitud fija |
191202s2017 mx r 000 0 spa d |
| 020 ## - NÚMERO INTERNACIONAL NORMALIZADO PARA LIBROS |
| Número Internacional Estándar del Libro |
9786078320783 |
| 035 ## - NÚMERO DE CONTROL DEL SISTEMA |
| Número de control de sistema |
UPN01000234507 |
| 040 ## - FUENTE DE LA CATALOGACIÓN |
| Centro catalogador/agencia de origen |
MX-MxUPN |
| Lengua de catalogación |
spa |
| Centro/agencia transcriptor |
MX-MxUPN |
| 050 ## - SIGNATURA TOPOGRÁFICA DE LA BIBLIOTECA DEL CONGRESO |
| Número de clasificación |
KGF1798 |
| Número de documento/Ítem |
I54 2017 |
| 245 10 - MENCIÓN DE TÍTULO |
| Título |
Informalidad : |
| Resto del título |
implicaciones legislativas y políticas públicas para reducirla / |
| Mención de responsabilidad, etc. |
Jesuswaldo Martínez Soria, coordinador ; Clemente Ruiz Durán, Santos M. Ruesga Benito, Maritza Rosales Reyes, Sandrine Cazes, Paolo Falco. |
| 250 ## - MENCIÓN DE EDICIÓN |
| Mención de edición |
Primera edición |
| 260 ## - PUBLICACIÓN, DISTRIBUCIÓN, ETC. |
| Lugar de publicación, distribución, etc. |
México, D.F. : |
| Nombre del editor, distribuidor, etc. |
Senado de la República, LXIII Legislatura, Instituto Belisario Domínguez, |
| Fecha de publicación, distribución, etc. |
2017. |
| 300 ## - DESCRIPCIÓN FÍSICA |
| Extensión |
278 páginas : |
| Otras características físicas |
ilustraciones, gráficas, tablas |
| 650 #0 - ASIENTO SECUNDARIO DE MATERIA - TERMINO TEMATICO |
| 9 (RLIN) |
45084 |
| Término de materia o nombre geográfico como elemento de entrada |
Economía informal |
| Subdivisión general |
Leyes y legislación |
| Subdivisión geográfica |
México |
| 650 #0 - ASIENTO SECUNDARIO DE MATERIA - TERMINO TEMATICO |
| Término de materia o nombre geográfico como elemento de entrada |
Autoempleo |
| Subdivisión general |
Situación legal, leyes, etc. |
| Subdivisión geográfica |
México |
| 9 (RLIN) |
45086 |
| 650 #0 - ASIENTO SECUNDARIO DE MATERIA - TERMINO TEMATICO |
| 9 (RLIN) |
45087 |
| Término de materia o nombre geográfico como elemento de entrada |
Economía informal |
| Subdivisión general |
Política gubernamental |
| Subdivisión geográfica |
México |
| 650 #0 - ASIENTO SECUNDARIO DE MATERIA - TERMINO TEMATICO |
| 9 (RLIN) |
45088 |
| Término de materia o nombre geográfico como elemento de entrada |
Autoempleo |
| Subdivisión geográfica |
México |
| 700 1# - ASIENTO SECUNDARIO--NOMBRE DE PERSONAL |
| Nombre de persona |
Martínez Soria, Jesuswaldo |
| 9 (RLIN) |
45090 |
| 700 1# - ASIENTO SECUNDARIO--NOMBRE DE PERSONAL |
| Nombre de persona |
Ruiz Durán, Clemente, |
| Fechas asociadas al nombre |
1948- |
| Término indicativo de función/relación |
autor |
| 9 (RLIN) |
39395 |
| 700 1# - ASIENTO SECUNDARIO--NOMBRE DE PERSONAL |
| Nombre de persona |
Ruesga Benito, Santos, |
| Fechas asociadas al nombre |
1953- |
| 9 (RLIN) |
45091 |
| 700 1# - ASIENTO SECUNDARIO--NOMBRE DE PERSONAL |
| Nombre de persona |
Rosales Reyes, Maritza |
| Término indicativo de función/relación |
autor |
| 9 (RLIN) |
45092 |
| 700 1# - ASIENTO SECUNDARIO--NOMBRE DE PERSONAL |
| Nombre de persona |
Falco, Paolo, |
| Fechas asociadas al nombre |
1985- |
| 9 (RLIN) |
45094 |
| 700 1# - ASIENTO SECUNDARIO--NOMBRE DE PERSONAL |
| Nombre de persona |
Cazes, Sandrine |
| 9 (RLIN) |
45093 |
| 905 ## - TIPO DE MATERIAL |
| Tipo de material |
Libro |
| 942 ## - ELEMENTOS DE PUNTO DE ACCESO ADICIONAL (KOHA) |
| Suprimir en OPAC |
No |
| Fuente del sistema de clasificación o colocación |
Library of Congress Classification |
| Tipo de ítem Koha |
Libro |